000 00394nam a2200145 i 4500
001 bg
100 1 _aŻARIKOV, G. P.
245 0 _aElementy i nakopiteli zapominajuscich ustrojstv magnitnych plenkach /
_cG.P. Żarikov, G.A. Michailov.
260 _aKiev,
_c1974.
700 1 _aMICHAILOV, G. A.
040 _cBPK
041 _apol
942 _cKS
008 s pl f |000 0 pol
999 _c26610
_d26610
856 _uhttp://koha.tu.koszalin.pl/cgi-bin/koha/opac-detail.pl?biblionumber=26610
_yKatalog online BPK